| 000 | 01019cam a22002893a 4500 | ||
|---|---|---|---|
| 001 | 17928 | ||
| 003 | PGUSA | ||
| 005 | 20140828083400.0 | ||
| 008 | 060305s2006||||xxu|||||s|||||000 | eng d | ||
| 040 |
_aPGUSA _beng |
||
| 042 | _adc | ||
| 050 | 4 | _aPT | |
| 100 | 1 |
_aRemy, Arthur F. J., _d1871-1954 |
|
| 245 | 1 | 4 |
_aThe Influence of India and Persia on the Poetry of Germany _h[electronic resource] / _cArthur F. J. Remy |
| 260 |
_bProject Gutenberg, _c2006 |
||
| 500 | _aColumbia University series of Germanic studies, vol. I, no. IV | ||
| 506 | _aPublic domain in the USA. | ||
| 516 | _aElectronic text | ||
| 653 | _aComparative literature -- Persian and German | ||
| 653 | _aGerman literature -- History and criticism | ||
| 653 | _aComparative literature -- Sanskrit and German | ||
| 653 | _aComparative literature -- German and Sanskrit | ||
| 653 | _aComparative literature -- German and Persian | ||
| 830 | 0 |
_aProject Gutenberg _v17928 |
|
| 856 | 4 | 0 | _uhttp://www.gutenberg.org/ebooks/17928 |
| 942 | _cEB | ||
| 999 |
_c247183 _d247183 |
||